| 000 | 00965nam a22002057a 4500 | ||
|---|---|---|---|
| 999 |
_c6610 _d6610 |
||
| 003 | AR-CdUCM | ||
| 008 | 190318b ||||| |||| 00| 0 spa d | ||
| 020 | _a84-271-1438-9 | ||
| 040 |
_aMUNICIPALIDAD PROVINCIAL DEL CUSCO _cBIBLIOTECA MUNICIPAL DEL CUSCO |
||
| 082 |
_a909 / _bH59 |
||
| 110 |
_aEquipo de redacción PAL _918597 |
||
| 245 | _aHistoria universal / | ||
| 260 |
_aEspaña : _bEdiciones mensajero, _c1986. |
||
| 300 |
_a9 tomos ; _bilustraciones ; mapas ; _c18 cm. |
||
| 505 | _aContenido : t.1: Pre-historia e historia del próximo Oriente -- t.2: El mundo Griego -- t.3: El mundo romano -- t.4: La alta edad media -- t.5 La baja edad media -- t.6 El renacimiento, reforma y contrareforma -- t.7: Siglo de las luces revolución francesa y época de Napoleón -- t.8: Emancipación americana, revolución industrial -- t.9: Época contemporanea. | ||
| 650 |
_aHistoria _9136 |
||
| 650 |
_aCivilizaciones _918217 |
||
| 942 |
_2ddc _cLIBROS |
||
| 945 | _azta | ||